Resultados provisionales del censo de la población de España... el 31 de diciembre de 1897 / (Record no. 56932)

MARC details
000 -LEADER
campo de control de longitud fija 00705nam a2200181 i 4500
001 - NÚMERO DE CONTROL
campo de control 56932
003 - IDENTIFICADOR DE NÚMERO DE CONTROL
campo de control ES-MaACL
005 - FECHA Y HORA DE LA ÚLTIMA TRANSACCIÓN
campo de control 20250603171455.0
007 - CAMPO FIJO DE DESCRIPCIÓN FÍSICA--INFORMACIÓN GENERAL
campo de control de longitud fija t|
008 - DATOS DE LONGITUD FIJA--INFORMACIÓN GENERAL
campo de control de longitud fija 031014s1899 sp ||||1| spa d
110 2# - ENTRADA PRINCIPAL--NOMBRE DE ENTIDAD CORPORATIVA
Nombre de entidad corporativa o nombre de jurisdicción como elemento de entrada Instituto Geográfico y Estadístico (España)
9 (RLIN) 3892
245 10 - MENCIÓN DEL TÍTULO
Título Resultados provisionales del censo de la población de España... el 31 de diciembre de 1897 /
Mención de responsabilidad, etc. por la Dirección General del Instituto Geográfico y Estadístico.
260 ## - PUBLICACIÓN, DISTRIBUCIÓN, ETC.
Lugar de publicación, distribución, etc. Madrid :
Nombre del editor, distribuidor, etc. [s.n.],
Fecha de publicación, distribución, etc. 1899 (
Fabricante Imp. de la Dirección General del Instituto Geográfico y Estadístico)
300 ## - DESCRIPCIÓN FÍSICA
Extensión XIV, 430 p. ;
Dimensiones 28 cm.
651 #7 - PUNTO DE ACCESO ADICIONAL DE MATERIA--NOMBRE GEOGRÁFICO
Nombre geográfico España-
Subdivisión general Censos
Fuente del encabezamiento o término
9 (RLIN) 155755
852 ## - LOCALIZACIÓN
Ubicación ES-MaACL
Número de control de estantería C-11980
Holdings
Estatus retirado Estado de pérdida Estado de daño No para préstamo Colección Biblioteca de origen Biblioteca actual Ubicación en estantería Fecha de adquisición Fuente de adquisición Total de préstamos Signatura topográfica completa Código de barras Visto por última vez Precio de reemplazo Tipo de ítem Koha
        Libros del s. XIX Biblioteca del Ateneo de Madrid Biblioteca del Ateneo de Madrid Sala Palomar 17/01/2008     C-11980 1059786 23/02/2023 23/02/2023 Libro impreso antiguo